| 000 -LEADER |
| fixed length control field |
00897nam a22001937a 4500 |
| 005 - DATE AND TIME OF LATEST TRANSACTION |
| control field |
20231206170853.0 |
| 008 - FIXED-LENGTH DATA ELEMENTS--GENERAL INFORMATION |
| fixed length control field |
231206s1991 ru ||||| |||| 00| 0 rus d |
| 041 ## - LANGUAGE CODE |
| Language code of text/sound track or separate title |
rus |
| 080 ## - UNIVERSAL DECIMAL CLASSIFICATION NUMBER |
| Universal Decimal Classification number |
94(37+38):355.48 Ц-31 |
| 100 ## - MAIN ENTRY--PERSONAL NAME |
| Personal name |
Цезарь, Гай Юлий |
| 9 (RLIN) |
20607 |
| 245 ## - TITLE STATEMENT |
| Title |
Записки Юлия Цезаря и его продолжателей : |
| Statement of responsibility, etc. |
Гай Юлий Цезарь; Перевод М.М. Покровского. |
| Remainder of title |
О Галльской войне / |
| 264 ## - PRODUCTION, PUBLICATION, DISTRIBUTION, MANUFACTURE, AND COPYRIGHT NOTICE |
| Place of production, publication, distribution, manufacture |
Москва : |
| Name of producer, publisher, distributor, manufacturer |
День, |
| Date of production, publication, distribution, manufacture, or copyright notice |
1991. |
| 300 ## - PHYSICAL DESCRIPTION |
| Extent |
189 с. |
| Other physical details |
22 см. |
| 653 ## - INDEX TERM--UNCONTROLLED |
| keyword |
იულიუს კეისრისა და მისი მემკვიდრეების ჩანაწერები |
| 653 ## - INDEX TERM--UNCONTROLLED |
| keyword |
ისტორია |
| 653 ## - INDEX TERM--UNCONTROLLED |
| keyword |
არქეოლოგია |
| 700 ## - ADDED ENTRY--PERSONAL NAME |
| Personal name |
Покровский, М.М. |
| Relator term |
მთარგმნელი |
| 9 (RLIN) |
20608 |
| 942 ## - ADDED ENTRY ELEMENTS (KOHA) |
| Source of classification or shelving scheme |
|
| Koha item type |
წიგნი |